000 00309nam a22001337a 4500
008 170629b xxu||||| |||| 00| 0 eng d
020 _a9780674992009
041 _aeng
080 _a82
100 _a22
101 _aGJL
245 _aLUCRETIUS ON THE NATURE OF THINGS
_cROUSE.W.H.D
942 _2udc
_cBK
999 _c19446
_d19446